85 éve halt meg Böhm Károly
Elmentve itt :
| Szerző: | |
|---|---|
| Adatforrás: | Philobibl |
| Forrásdokumentuma: | Theológiai Szemle 39 1996/6., 359-363. p. |
| Dokumentumtípus: | Cikk |
| Nyelv: | magyar |
| LEADER | 00287nab a2200097 c 4500 | ||
|---|---|---|---|
| 001 | bibDOK00014266 | ||
| 005 | 20200924120919.6 | ||
| 008 | 060518s1996 xx hun | ||
| 100 | 1 | |a Varga István | |
| 245 | 1 | 0 | |a 85 éve halt meg Böhm Károly |c Varga István |
| 773 | 0 | |t Theológiai Szemle 39 |g 1996/6., 359-363. p. | |